[Event "AUTO-ADV-1270"]
[Site "http://www.queenalice.com/game.php?id=562936"]
[Date "2009.3.28"]
[Round "1"]
[White "ThurstonRar"]
[Black "C_E_L_E"]
[Result "1-0"]
[WhiteElo "1875"]
[BlackElo "1890"]

1. Nf3 Nf6 2. d4 g6 3. c4 Bg7 4. Nc3 e6 5. e4 d5 6. cxd5 exd5 7. Bg5 dxe4 8.
Nxe4 Qe7 9. Bd3 Qb4+ 10. Qd2 Qxd2+ 11. Nexd2 O-O 12. O-O Bg4 13. Ne5 Nbd7 14.
Ndc4 Rad8 15. f3 Be6 16. Rad1 c6 17. b3 h6 18. Be3 Nxe5 19. dxe5 Bxc4 20. Bxc4
Nd5 21. Bxd5 cxd5 22. Bd4 a6 23. Rc1 Rc8 24. Kf2 g5 25. Ke3 Rfe8 26. Rxc8 Rxc8
27. Kd3 Re8 28. Re1 f6 29. e6 Kh7 30. g4 Kg8 31. Bc3 1-0

[Event "AUTO-ADV-1270"]
[Site "http://www.queenalice.com/game.php?id=562939"]
[Date "2009.3.28"]
[Round "1"]
[White "C_E_L_E"]
[Black "Lopesq"]
[Result "0-1"]
[WhiteElo "1954"]
[BlackElo "1794"]

1. d4 d5 2. c4 e6 3. e3 c6 4. Nf3 Nf6 5. Bd3 dxc4 6. Bxc4 Nbd7 7. O-O Nb6 8. Bd3
Be7 9. a3 Qc7 10. b4 O-O 11. Bb2 Nbd5 12. Nc3 Ng4 13. h3 Ngxe3 14. fxe3 Nxe3 15.
Qe2 Nxf1 16. Rxf1 Bf6 17. Rc1 Qf4 18. Ne4 Be7 19. Rc3 h6 20. Bc1 Qb8 21. Bb1 a5
22. Ne5 axb4 23. axb4 Bxb4 24. Qg4 Bxc3 25. Bxh6 Bxd4+ 26. Kh1 Qxe5 0-1

[Event "AUTO-ADV-1270"]
[Site "http://www.queenalice.com/game.php?id=562940"]
[Date "2009.3.28"]
[Round "1"]
[White "Lopesq"]
[Black "C_E_L_E"]
[Result "0-1"]
[WhiteElo "1805"]
[BlackElo "1928"]

1. Nf3 g6 2. d4 Bg7 3. c3 Nf6 4. Bf4 O-O 5. Nbd2 d5 6. e3 b6 7. Be2 Bb7 8. O-O
c5 9. h3 c4 10. b3 b5 11. b4 Nc6 12. a4 a6 13. a5 Re8 14. Bh2 Nd7 15. Qc2 f6 16.
Nh4 e5 17. Bg4 f5 18. Nxf5 gxf5 19. Bxf5 h6 20. Bh7+ Kh8 21. Bg6 Rf8 22. dxe5
Ndxe5 23. Bh5 Qg5 24. Be2 d4 25. exd4 Nxd4 26. cxd4 Qxg2# 0-1

[Event "AUTO-MASTER-771"]
[Site "http://www.queenalice.com/game.php?id=563301"]
[Date "2009.3.28"]
[Round "1"]
[White "ribeiroBR"]
[Black "C_E_L_E"]
[Result "0-1"]
[WhiteElo "2008"]
[BlackElo "1908"]

1. e4 c5 2. Nf3 Nc6 3. Bb5 Qc7 4. O-O b6 5. Nc3 e6 6. d3 Be7 7. Bxc6 Qxc6 8. Ne5
Qc7 9. Qf3 Qxe5 10. Bf4 Qd4 11. Be3 Qf6 12. Nb5 Qxf3 13. gxf3 Bd8 14. Bf4 Nf6
15. Nd6+ Ke7 16. Nxc8+ Rxc8 17. Kh1 h6 18. Bd2 Bc7 19. f4 g5 20. e5 Nd5 21. fxg5
hxg5 22. Bxg5+ f6 23. Bxf6+ Nxf6 24. exf6+ Kxf6 25. f4 Rh4 26. Rf2 Rch8 27. Raf1
R8h5 28. Rg2 Rxf4 29. Rxf4+ Bxf4 30. Rf2 Kf5 31. Kg1 e5 32. Kf1 Rxh2 33. Rxh2
Bxh2 34. Kg2 Bf4 35. Kf3 d5 36. b3 e4+ 37. dxe4+ dxe4+ 38. Ke2 Bg5 39. a3 Kf4
40. c3 a5 41. a4 Bf6 42. c4 Bd4 43. Kf1 Kf3 44. Ke1 e3 45. Kf1 e2+ 0-1

[Event "AUTO-MASTER-771"]
[Site "http://www.queenalice.com/game.php?id=563302"]
[Date "2009.3.28"]
[Round "1"]
[White "C_E_L_E"]
[Black "ribeiroBR"]
[Result "0-1"]
[WhiteElo "1902"]
[BlackElo "2006"]

1. d4 d5 2. c4 Nf6 3. e3 e6 4. Nf3 Bb4+ 5. Nc3 Ne4 6. Qc2 O-O 7. Bd3 Nc6 8. Bxe4
dxe4 9. Qxe4 Bxc3+ 10. bxc3 Na5 11. c5 c6 12. O-O Qd5 13. Qxd5 exd5 14. Nd2 a6
15. Bb2 Nc4 16. Nxc4 dxc4 17. Rab1 Bf5 18. Rbc1 Rab8 19. Ba3 Be4 20. f3 Bd5 21.
e4 Be6 22. Rb1 Rfc8 23. Rb2 h6 24. Rfb1 Rc7 25. Rb6 a5 26. Bc1 g5 27. h4 f6 28.
hxg5 hxg5 29. f4 Bc8 30. fxg5 fxg5 31. Bxg5 Rg7 32. Bf6 Rg6 33. e5 Bh3 34. R1b2
Bc8 35. Bd8 Ra8 36. Rf2 Bh3 37. Be7 Ra7 38. Kh2 Be6 39. Rb1 Bd5 40. Rbf1 Ra8 41.
Rf8+ Rxf8 42. Rxf8+ Kg7 43. Rf2 Rh6+ 44. Kg1 Rg6 45. Bh4 Rg4 46. g3 Re4 47. Kf1
Re3 48. Rc2 Kg6 49. Kf2 Rf3+ 50. Ke2 Kf5 51. Rc1 Kg4 52. a3 a4 53. Rc2 Rd3 54.
Rc1 Bf3+ 55. Kf2 Rd2+ 56. Kg1 Rg2+ 57. Kf1 Rh2 58. Re1 Rh1+ 0-1

[Event "AUTO-MASTER-771"]
[Site "http://www.queenalice.com/game.php?id=563319"]
[Date "2009.3.28"]
[Round "1"]
[White "C_E_L_E"]
[Black "kingside"]
[Result "0-1"]
[WhiteElo "1680"]
[BlackElo "2065"]

1. e4 e5 2. Nf3 Nc6 3. Bb5 a6 4. Bxc6 dxc6 5. Nxe5 Qd4 6. Ng4 Qxe4+ 7. Ne3 Nf6
8. O-O Be7 9. Re1 O-O 10. d3 Qb4 11. c3 Qd6 12. Nc4 Qd8 13. Bg5 Be6 0-1

[Event "AUTO-MASTER-771"]
[Site "http://www.queenalice.com/game.php?id=563320"]
[Date "2009.3.28"]
[Round "1"]
[White "kingside"]
[Black "C_E_L_E"]
[Result "1-0"]
[WhiteElo "2067"]
[BlackElo "1678"]

1. d4 d5 2. c4 dxc4 3. e4 e6 4. Bxc4 Be7 5. Nc3 Nf6 6. Nf3 O-O 7. O-O a6 8. Re1
b5 9. Bd3 Bb7 10. a3 c5 11. dxc5 Bxc5 12. Qc2 Bb6 13. Bg5 1-0

[Event "AUTO-MASTER-771"]
[Site "http://www.queenalice.com/game.php?id=563321"]
[Date "2009.3.28"]
[Round "1"]
[White "C_E_L_E"]
[Black "lutarmada"]
[Result "0-1"]
[WhiteElo "1676"]
[BlackElo "1534"]

1. d4 Nf6 2. c4 g6 3. Nf3 Bg7 4. e3 d6 5. Bd3 O-O 6. O-O b6 7. Nbd2 Bb7 8. b4
Nbd7 9. Bb2 a5 10. a3 axb4 11. axb4 c5 12. bxc5 Bxf3 13. Qxf3 bxc5 14. Rxa8 Qxa8
15. Qxa8 Rxa8 16. Ra1 Rxa1+ 17. Bxa1 Ne8 18. Nb3 Nc7 19. Kf1 f5 20. Ke2 Na6 21.
Bc3 e5 22. dxe5 Bxe5 0-1